00260nam a22000977a 4500082001400000100001800014245003400032260004500066300000800111650004300119 a539.7 ANN aAnnual Report aThe Annual Report for 1988-89 aIndiabDepartment of Atomic Energyc1989 a72p aAtomic energy,Annual reports 1988-1989